000 00577nam a2200193 i 4500
001 25329
003 ES-MaACL
005 20230906153235.0
007 t|
008 021224s1969 sp ||||1| spa d
100 1 _aArmand, Louis.
_922910
245 1 3 _aLa apuesta europea /
_cLouis Armand, Michel Drancourt ; [tradcción de J. Ferrer Aleu].
250 _a[1ª ed].
260 _aBarcelona, etc :
_bPlaza y Janés,
_c1969.
300 _a322 p. ;
_c22 cm.
700 1 _aDrancourt, Michel.
_945585
700 1 _aFerrer Aleu, J.
_950442
852 _aES-MaACL
_jC-36028
_bR.69031
999 _c25329
_d25329